000 00283nam a22001337a 4500
008 181107b xxu||||| |||| 00| 0 eng d
020 _a9780132209748
041 _aeng
080 _24th
_a101
100 _a24
101 _aFIL
245 _aThinking
_cKirby,G.R
942 _2udc
_cBK
999 _c52074
_d52074